Interpretácia pojmov "neprimerane vysoké náklady alebo úsilie" a "neuskutočniteľnosť"

IFRS pre malé a stredné podniky obsahuje rôzne oddiely, ktoré obsahujú výnimky v súvislosti s niektorými požiadavkami a to najmä na základe neprimerane vysokých nákladov alebo úsilia alebo z dôvodu, že pre malé a stredné podniky sú neuskutočniteľné. Problematika oceňovania majetku a záväzkov pre MSP...

Celý popis

Uložené v:
Podrobná bibliografia
Hlavný autor: Ješš, Michal, 1986-
Médium: Kapitola
Jazyk:Slovak
Predmet:
Tagy: Pridať tag
Žiadne tagy, Buďte prvý, kto otaguje tento záznam!

MARC

LEADER 00000nla a2200000 4500
001 0152731
005 20240502072723.8
041 0 |a slo 
044 |a SK 
245 1 0 |a Interpretácia pojmov "neprimerane vysoké náklady alebo úsilie" a "neuskutočniteľnosť"  |c Michal Ješš 
520 |a IFRS pre malé a stredné podniky obsahuje rôzne oddiely, ktoré obsahujú výnimky v súvislosti s niektorými požiadavkami a to najmä na základe neprimerane vysokých nákladov alebo úsilia alebo z dôvodu, že pre malé a stredné podniky sú neuskutočniteľné. Problematika oceňovania majetku a záväzkov pre MSP. 
610 2 0 |a účtovníctvo 
610 2 0 |a podnik malý 
610 2 0 |a podnik stredný 
610 2 0 |a účtovanie 
610 2 0 |a majetok 
610 2 0 |a záväzky 
610 2 0 |a štandardy účtovné medzinárodné 
610 2 0 |a IFRS 
100 1 |a Ješš, Michal, 1986-